Statistiken für Länder, die mit T beginnen

Klicken Sie hier um das Quiz zu spielen!

Allgemein

  • Dieses Quiz wurde 34.335 mal gespielt
  • Das Durchschnittsergebnis liegt bei 9 aus 13

Antwortstatistiken

Land% Korrekt
Türkei
93%
Turkmenistan
85%
Togo
75%
Tansania
74%
Tadschikistan
73%
Tunesien
72%
Thailand
71%
Trinidad und Tobago
66%
Tuvalu
61%
Tonga
59%
Tschad
54%
Taiwan
53%
Tschechien
48%

Verteilung der Resultate

Perzentil nach korrekt beantworteten Fragen

Anzahl Personen mit jedem Resultat

Ihre Resultats-Entwicklung

Sie haben dieses Quiz noch nicht gespielt